| 000 | 00806nam a2200265Ia 4500 | ||
|---|---|---|---|
| 003 | OSt | ||
| 005 | 20220928121226.0 | ||
| 006 | a|||||r|||| 00| 0 | ||
| 007 | ta | ||
| 008 | 220927b |||||||| |||| 00| 0 hin d | ||
| 020 | _cINR 950.00 | ||
| 024 | _a133811 | ||
| 037 |
_b359, 03/03/2017, Vidyanidhi Prakashan _cTextual |
||
| 040 |
_aSDCL _cSDCL _bhin |
||
| 041 |
_2hin _ahin |
||
| 082 | _aR635x1,1, Q6 | ||
| 100 |
_aShastri Gyan Prakash _9407409 |
||
| 245 | 0 | _aYogsutra | |
| 260 |
_aDelhi _bParimal Publications _c2016 |
||
| 300 |
_axii,689p. _ccm. |
||
| 650 |
_aSanskrit _9391587 |
||
| 700 |
_a Bhardwaj Ishwar Ed. _9451645 |
||
| 942 |
_hR635x1,1, Q6 _cTEXL _2CC |
||
| 999 |
_c765682 _d765682 |
||